[Event "4NCL Division Four"]
[Site "Telford, ENG"]
[Date "2023.11.18"]
[Round "1.62"]
[White "McLean, Rory"]
[Black "Bennett, Judd"]
[Result "0-1"]
[WhiteElo "1693"]
[BlackElo "1975"]
[PlyCount "78"]
[EventDate "2023.11.18"]
[WhiteTeam "Barnet Knights C"]
[BlackTeam "Lancaster"]

1. d4 Nf6 2. c4 d6 3. Nc3 g6 4. e4 Bg7 5. f3 O-O 6. Be3 e5 7. Nge2 Nc6 8. Qd2
a6 9. O-O-O exd4 10. Nxd4 Nxd4 11. Bxd4 b5 12. cxb5 axb5 13. Bxb5 Be6 14. Bc6
Ra6 15. Bb7 Ra5 16. b4 Rh5 17. g4 Bh6 18. Be3 Bxe3 19. Qxe3 Rh3 20. g5 Ng4 21.
Qd2 Ne5 22. f4 Nc4 23. Qd4 Qb8 24. Nd5 Bxd5 25. Bxd5 Qxb4 26. Rd3 Rxd3 27. Qxd3
Qb2+ 28. Kd1 Qa1+ 29. Kc2 Qxh1 30. Bxc4 Qxh2+ 31. Qd2 Qh1 32. Bd5 Rb8 33. Kc3
Qa1+ 34. Kd3 Rb2 35. Qa5 Qf1+ 36. Ke3 Qf2+ 37. Kd3 Qe2+ 38. Kd4 c5+ 39. Kc3
Qd2+ 0-1

[Event "4NCL Division Four"]
[Site "Telford, ENG"]
[Date "2023.11.18"]
[Round "1.63"]
[White "Seery, Philip T"]
[Black "Angelopoulos, Andreas"]
[Result "1/2-1/2"]
[WhiteElo "1963"]
[BlackElo "1600"]
[PlyCount "74"]
[EventDate "2023.11.18"]
[WhiteTeam "Lancaster"]
[BlackTeam "Barnet Knights C"]

1. d4 Nf6 2. c4 e6 3. Nf3 b6 4. g3 Bb7 5. Bg2 Be7 6. Nc3 O-O 7. Qc2 d5 8. cxd5
exd5 9. O-O Ne4 10. Rd1 f5 11. Bf4 Nd7 12. Nb5 Bd6 13. Bxd6 cxd6 14. Qb3 Ndf6
15. Rac1 Rf7 16. e3 g6 17. Ne1 a6 18. Nc3 Rc8 19. f3 Nxc3 20. Rxc3 Rxc3 21.
Qxc3 Qc7 22. Rc1 Ne8 23. Qxc7 Rxc7 24. Rxc7 Nxc7 25. Bf1 Kf7 26. Nc2 Ke6 27.
Kf2 h6 28. Ke1 g5 29. Kd2 a5 30. b4 Ba6 31. Bxa6 Nxa6 32. bxa5 bxa5 33. a3 Kd7
34. Kc3 Kc6 35. Kb3 Kb5 36. Ne1 Nc7 37. Nd3 Ne8 1/2-1/2

[Event "4NCL Division Four"]
[Site "Telford, ENG"]
[Date "2023.11.18"]
[Round "1.64"]
[White "Michener, Max"]
[Black "McMenamin, Danny"]
[Result "1/2-1/2"]
[WhiteElo "1549"]
[BlackElo "1881"]
[PlyCount "82"]
[EventDate "2023.11.18"]
[WhiteTeam "Barnet Knights C"]
[BlackTeam "Lancaster"]

1. e4 c5 2. c3 d5 3. e5 Nc6 4. d4 Qb6 5. Nf3 Bg4 6. dxc5 Qxc5 7. Be3 Qa5 8. b4
Qd8 9. Bb5 a6 10. Bxc6+ bxc6 11. Nbd2 g6 12. Qa4 Bd7 13. Qb3 e6 14. O-O Rb8 15.
Qc2 c5 16. bxc5 Qc7 17. Nb3 Ba4 18. Rfd1 Ne7 19. Rd4 Bb5 20. a4 Bc4 21. Nfd2
Nf5 22. Rf4 Nxe3 23. fxe3 Qxe5 24. Re1 Bxb3 25. Nxb3 Be7 26. Re2 O-O 27. c6 Rb6
28. Nd4 Qc7 29. Qd3 Bd6 30. Rh4 Be5 31. a5 Bxd4 32. axb6 Bxb6 33. Qxa6 Qxc6 34.
Qd3 Rc8 35. Rb4 Ba5 36. Rb3 Bxc3 37. Rc2 d4 38. Kf1 Qa4 39. Rb1 e5 40. exd4
exd4 41. Kg1 Re8 1/2-1/2

[Event "4NCL Division Four"]
[Site "Telford, ENG"]
[Date "2023.11.18"]
[Round "1.65"]
[White "Donegan, Harry"]
[Black "Lee, Xander"]
[Result "0-1"]
[WhiteElo "1753"]
[BlackElo "1391"]
[PlyCount "134"]
[EventDate "2023.11.18"]
[WhiteTeam "Lancaster"]
[BlackTeam "Barnet Knights C"]

1. e4 d6 2. d4 Nf6 3. Nc3 g6 4. Bc4 Bg7 5. Bg5 Nc6 6. Bb5 Bd7 7. Nf3 a6 8. Bxc6
Bxc6 9. d5 Bd7 10. h3 c5 11. a4 Qb6 12. Qc1 Qb4 13. Nd2 O-O 14. O-O Nh5 15.
Bxe7 Rfe8 16. Bxd6 Bxc3 17. bxc3 Qxc3 18. Ra3 Qd4 19. c3 Qf6 20. Bxc5 Nf4 21.
Kh2 Nd3 22. Bd4 Qd6+ 23. e5 Qxd5 24. Qd1 Nxe5 25. Qb3 Bc6 26. Qxd5 Bxd5 27. a5
Nc6 28. Bb6 Re2 29. Rd1 Ne5 30. Nb3 Nc4 31. Nc1 Re5 32. Ra1 Nxb6 33. axb6 Rc8
34. Ra3 Rc6 35. Nd3 Rf5 36. Nb4 Rc5 37. Kg1 Be6 38. Rb1 Rg5 39. g3 Bxh3 40.
Nxa6 bxa6 41. c4 Bc8 42. b7 Bxb7 43. Rxb7 Rxc4 44. Rxa6 h5 45. Raa7 Rf4 46. Ra3
h4 47. Kg2 Rf6 48. Rb4 h3+ 49. Kxh3 Rxf2 50. Rg4 Rh5+ 51. Rh4 Rxh4+ 52. Kxh4
Kg7 53. Kg4 Kh6 54. Ra4 f5+ 55. Kh3 g5 56. Ra6+ Kh5 57. g4+ fxg4+ 58. Kg3 Rf3+
59. Kg2 Rd3 60. Ra2 g3 61. Rb2 g4 62. Rc2 Kh4 63. Re2 Rf3 64. Rd2 Rf2+ 65. Rxf2
gxf2 66. Kxf2 Kh3 67. Kg1 Kg3 0-1

[Event "4NCL Division Four"]
[Site "Telford, ENG"]
[Date "2023.11.18"]
[Round "1.66"]
[White "Sanfey, Peter"]
[Black "Chicrala, Andre"]
[Result "1-0"]
[WhiteElo "1409"]
[BlackElo "1500"]
[PlyCount "47"]
[EventDate "2023.11.18"]
[WhiteTeam "Barnet Knights C"]
[BlackTeam "Lancaster"]

1. Nf3 Nf6 2. g3 e6 3. Bg2 d5 4. O-O c5 5. d3 Nc6 6. Nbd2 Bd6 7. e4 O-O 8. Qe2
dxe4 9. dxe4 e5 10. Nc4 Be6 11. Bg5 Bxc4 12. Qxc4 h6 13. Be3 Qe7 14. Nh4 Qe6
15. Qb5 Nd4 16. Bxd4 exd4 17. Qxb7 Rfb8 18. Qa6 Rxb2 19. e5 Rd8 20. exd6 Rxc2
21. Qxa7 Rxd6 22. Rae1 Qxa2 23. Qb8+ Kh7 24. Qxd6 1-0

[Event "4NCL Division Four"]
[Site "Telford, ENG"]
[Date "2023.11.18"]
[Round "1.71"]
[White "Gibbs, Dominic V"]
[Black "Rathbone-Jones, Ifan"]
[Result "0-1"]
[WhiteElo "1918"]
[BlackElo "2086"]
[PlyCount "60"]
[EventDate "2023.11.18"]
[WhiteTeam "Iceni 2"]
[BlackTeam "ToBeDecided"]

1. e4 d5 2. exd5 Nf6 3. c4 c6 4. Nc3 cxd5 5. cxd5 Nxd5 6. Bc4 Nb6 7. Bb3 Nc6 8.
Nf3 e5 9. d4 exd4 10. Nb5 Bb4+ 11. Bd2 Qe7+ 12. Qe2 Qxe2+ 13. Kxe2 d3+ 14. Kxd3
Bf5+ 15. Ke2 O-O-O 16. Nxa7+ Nxa7 17. Bxb4 Bd3+ 18. Ke3 Rhe8+ 19. Kf4 Re4+ 20.
Kg3 Rxb4 21. Rac1+ Nc6 22. Ne5 Be4 23. Nxf7 Rd2 24. Rhe1 Bd5 25. Nd6+ Kc7 26.
Ne8+ Kd7 27. Nxg7 Bxb3 28. axb3 Rxb3+ 29. f3 Rbxb2 30. Rg1 Nd4 0-1

[Event "4NCL Division Four"]
[Site "Telford, ENG"]
[Date "2023.11.18"]
[Round "1.72"]
[White "Gurner, Jem"]
[Black "Rosenbach, Martin"]
[Result "1-0"]
[WhiteElo "2077"]
[BlackElo "1897"]
[PlyCount "133"]
[EventDate "2023.11.18"]
[WhiteTeam "ToBeDecided"]
[BlackTeam "Iceni 2"]

1. e4 c5 2. c3 Nc6 3. d4 cxd4 4. cxd4 d5 5. exd5 Qxd5 6. Nf3 Nf6 7. Nc3 Qa5 8.
a3 e6 9. Bd3 Nb4 10. Bb1 Nbd5 11. Bd2 Be7 12. O-O Bd7 13. Ba2 Nxc3 14. Bxc3 Qb5
15. Ne5 O-O 16. Re1 Bc6 17. a4 Qb6 18. a5 Qc7 19. Rc1 Bd5 20. Bb1 Rac8 21. Qd3
g6 22. h4 Qd8 23. g4 Nd7 24. Nxd7 Qxd7 25. Qh3 Qd8 26. g5 b5 27. axb6 axb6 28.
Bd2 Rxc1 29. Rxc1 Qd7 30. h5 Rc8 31. hxg6 Rxc1+ 32. Bxc1 hxg6 33. Bf4 Qa4 34.
Qd3 Qb3 35. Qxb3 Bxb3 36. Bd3 Bd5 37. Bc7 Bxg5 38. Bxb6 Bb3 39. Ba5 Kf8 40. Kf1
Bf6 41. Bb6 Bg5 42. Ke2 Bc1 43. Bc5+ Kg7 44. Ba3 Bg5 45. Bb4 Bc1 46. Bc3 f6 47.
Ba6 Kf7 48. Kd3 f5 49. Bc4 Bxc4+ 50. Kxc4 Ke8 51. b4 g5 52. Kc5 g4 53. Kd6 Kf7
54. Be1 Bg5 55. b5 Bf6 56. Bc3 Bh4 57. Be1 Bf6 58. b6 Bxd4 59. b7 Kf6 60. Kd7
Ba7 61. Kc8 f4 62. Ba5 g3 63. fxg3 fxg3 64. Bb6 Bxb6 65. b8=Q Bf2 66. Qf4+ Kg6
67. Kd7 1-0

[Event "4NCL Division Four"]
[Site "Telford, ENG"]
[Date "2023.11.18"]
[Round "1.73"]
[White "Kenning, Paul H"]
[Black "Guha, Chirag"]
[Result "0-1"]
[WhiteElo "1831"]
[BlackElo "2135"]
[PlyCount "88"]
[EventDate "2023.11.18"]
[WhiteTeam "Iceni 2"]
[BlackTeam "ToBeDecided"]

1. e4 e5 2. Nc3 Nf6 3. d4 exd4 4. Qxd4 Nc6 5. Qd3 Bb4 6. Bd2 d6 7. O-O-O Be6 8.
Nge2 Qe7 9. Bg5 Bc5 10. Nd5 Bxd5 11. exd5 Ne5 12. Qf5 Bxf2 13. Nc3 h6 14. Bxf6
Qxf6 15. Qxf6 gxf6 16. Ne4 Be3+ 17. Kb1 f5 18. Bb5+ Ke7 19. Ng3 Kf6 20. Rhf1 f4
21. Rde1 Kg6 22. Ne2 Kg5 23. Nc3 a6 24. Be2 f5 25. Bf3 Nc4 26. Rh1 Rae8 27. h4+
Kg6 28. b3 Nd2+ 29. Kb2 Bd4 30. Rd1 Re3 31. Rxd2 Bxc3+ 32. Kc1 Bxd2+ 33. Kxd2
Rhe8 34. Rf1 Kf6 35. c4 a5 36. Bh5 R8e4 37. Bf3 Rd4+ 38. Kc2 a4 39. Rd1 axb3+
40. axb3 Rxd1 41. Bxd1 Ke5 42. Kd2 Kd4 43. Kc2 Rg3 44. Bf3 Ke3 0-1

[Event "4NCL Division Four"]
[Site "Telford, ENG"]
[Date "2023.11.18"]
[Round "1.74"]
[White "Larkin, Benjamin"]
[Black "Latypov, Egor"]
[Result "1-0"]
[WhiteElo "2035"]
[BlackElo "1809"]
[PlyCount "71"]
[EventDate "2023.11.18"]
[WhiteTeam "ToBeDecided"]
[BlackTeam "Iceni 2"]

1. e4 c5 2. Nf3 e6 3. d4 cxd4 4. Nxd4 a6 5. c4 Qc7 6. Bd3 Nf6 7. O-O Bc5 8. Nb3
Be7 9. Qe2 d6 10. Nc3 O-O 11. Be3 Nbd7 12. Rac1 Nc5 13. Nxc5 dxc5 14. f4 e5 15.
f5 b6 16. g4 Bb7 17. g5 Nd7 18. f6 Nxf6 19. gxf6 Bxf6 20. Nd5 Bxd5 21. exd5 Qd6
22. Qf3 Be7 23. Kh1 Qf6 24. Qg2 Qh4 25. Rf3 g6 26. Rh3 Qf6 27. Rf1 Qd6 28. Bh6
Rfe8 29. Bg5 Ra7 30. Bxe7 Raxe7 31. Be4 Rf8 32. Rh6 Qd7 33. Rf6 Qa4 34. Rxh7
Kxh7 35. Bxg6+ Kh8 36. Bc2 1-0

[Event "4NCL Division Four"]
[Site "Telford, ENG"]
[Date "2023.11.18"]
[Round "1.75"]
[White "Kilbane, Archie"]
[Black "Vanjare, Aditya"]
[Result "0-1"]
[WhiteElo "1429"]
[BlackElo "1550"]
[PlyCount "43"]
[EventDate "2023.11.18"]
[WhiteTeam "Iceni 2"]
[BlackTeam "ToBeDecided"]

1. e4 e6 2. d4 d5 3. exd5 exd5 4. Nc3 Nf6 5. Nf3 Bg4 6. h3 Bh5 7. Be2 h6 8. O-O
Bd6 9. Bb5+ c6 10. Re1+ Be7 11. Be2 Qc7 12. Nh4 Bxe2 13. Qxe2 g6 14. Nxg6 fxg6
15. Qe6 Kf8 16. Ne2 Kg7 17. Bxh6+ Rxh6 18. Nf4 Bd6 19. Re3 Bxf4 20. Rf3 Qd7 21.
Qxd7+ Nbxd7 22. Rxf4 0-1

[Event "4NCL Division Four"]
[Site "Telford, ENG"]
[Date "2023.11.18"]
[Round "1.76"]
[White "Rathbone-Jones, Nerys"]
[Black "Rosenbach, Philip"]
[Result "0-1"]
[WhiteElo "600"]
[BlackElo "1154"]
[PlyCount "58"]
[EventDate "2023.11.18"]
[WhiteTeam "ToBeDecided"]
[BlackTeam "Iceni 2"]

1. d4 Nf6 2. Nf3 d5 3. Be3 Bf5 4. Bf4 Nc6 5. Nbd2 e6 6. e3 Bd6 7. Bb5 Bxf4 8.
exf4 O-O 9. c3 h6 10. O-O a6 11. Bxc6 bxc6 12. Qb3 Rb8 13. Qa4 Bd3 14. Ne5 Bb5
15. Qb3 Bxf1 16. Nxf1 Rxb3 17. Nxc6 Qd6 18. axb3 Qxc6 19. c4 dxc4 20. bxc4 Qxc4
21. Nd2 Qxd4 22. Ra5 Qxd2 23. g3 Qxa5 24. b3 Ne4 25. Kg2 Qe1 26. b4 g5 27. fxg5
hxg5 28. g4 Qxf2+ 29. Kh3 Qf3# 0-1

[Event "4NCL Division Four"]
[Site "Telford, ENG"]
[Date "2023.11.18"]
[Round "1.81"]
[White "Madan, Augustin"]
[Black "Wilson, Edgar"]
[Result "1-0"]
[WhiteElo "2281"]
[BlackElo "1980"]
[PlyCount "111"]
[EventDate "2023.11.18"]
[WhiteTeam "Desert Penguins"]
[BlackTeam "Oxford 3"]

1. e4 e6 2. d3 d5 3. Nd2 Nf6 4. g3 Be7 5. Bg2 c5 6. Ngf3 Nc6 7. O-O O-O 8. Re1
b5 9. e5 Nd7 10. Nf1 a5 11. h4 Ba6 12. N1h2 b4 13. h5 a4 14. h6 g6 15. Ng4 Bb5
16. Bf4 Nd4 17. Nxd4 cxd4 18. Nh2 b3 19. cxb3 axb3 20. a3 Nc5 21. Bf1 Bg5 22.
Qd2 Bxf4 23. Qxf4 Nxd3 24. Bxd3 Bxd3 25. Ng4 Ra4 26. Nf6+ Kh8 27. Rad1 Bb5 28.
Rxd4 Rxd4 29. Qxd4 Bc4 30. Rc1 Qe7 31. Ne4 dxe4 32. Rxc4 Qg5 33. Qe3 Qxe5 34.
Qd4 Qxd4 35. Rxd4 Kg8 36. Rb4 f5 37. Rxb3 Kf7 38. Rb7+ Kf6 39. a4 g5 40. a5 f4
41. a6 Rc8 42. gxf4 gxf4 43. a7 Rc1+ 44. Kg2 Ra1 45. Rxh7 Kg6 46. Re7 Kxh6 47.
b4 Kg5 48. b5 f3+ 49. Kg3 Rg1+ 50. Kh2 Rg2+ 51. Kh1 Rxf2 52. a8=Q Rf1+ 53. Kh2
Rf2+ 54. Kh3 Kf5 55. Rf7+ Kg6 56. Qg8+ 1-0

[Event "4NCL Division Four"]
[Site "Telford, ENG"]
[Date "2023.11.18"]
[Round "1.82"]
[White "Hertog, Alexander"]
[Black "Bharat Kumar, Balahari"]
[Result "0-1"]
[WhiteElo "1876"]
[BlackElo "1952"]
[PlyCount "64"]
[EventDate "2023.11.18"]
[WhiteTeam "Oxford 3"]
[BlackTeam "Desert Penguins"]

1. d4 d5 2. c4 e6 3. Nf3 a6 4. Qc2 dxc4 5. a4 Nf6 6. g3 Be7 7. Bg2 O-O 8. O-O
c5 9. dxc5 Bxc5 10. Qxc4 Qe7 11. Bg5 Bd7 12. Nc3 h6 13. Bf4 Nc6 14. Rfd1 e5 15.
Bc1 e4 16. Ne1 Be6 17. Nd5 Nxd5 18. Rxd5 Bxd5 19. Qxd5 Rfd8 20. Qf5 Rd1 21. Bg5
Qxg5 22. Qxg5 Rxe1+ 23. Rxe1 hxg5 24. Bxe4 a5 25. Rd1 Rd8 26. Rxd8+ Nxd8 27.
Kg2 f6 28. g4 Kf7 29. Kg3 Bd6+ 30. Kg2 Ke6 31. Bd3 Kd5 32. h4 gxh4 0-1

[Event "4NCL Division Four"]
[Site "Telford, ENG"]
[Date "2023.11.18"]
[Round "1.83"]
[White "Bansal, Rohan"]
[Black "Staples, Neil"]
[Result "1-0"]
[WhiteElo "1981"]
[BlackElo "1768"]
[PlyCount "137"]
[EventDate "2023.11.18"]
[WhiteTeam "Desert Penguins"]
[BlackTeam "Oxford 3"]

1. d4 g6 2. c4 Bg7 3. Nc3 d6 4. e4 Nd7 5. Be3 e6 6. Qd2 h6 7. f4 Ne7 8. Nf3 b6
9. Bd3 Bb7 10. O-O f5 11. e5 d5 12. Rac1 c6 13. Bf2 Nf8 14. Bh4 Qd7 15. Rfe1
dxc4 16. Bxc4 Nd5 17. a4 a6 18. Bb3 Nh7 19. Nxd5 cxd5 20. Qb4 b5 21. Qa5 Rc8
22. Rxc8+ Bxc8 23. Rc1 O-O 24. Rc7 Qe8 25. Qb4 Rf7 26. Rc1 Bf8 27. Qa5 Qd7 28.
Ne1 g5 29. Bg3 Qa7 30. Rxc8 Qxd4+ 31. Bf2 Qxb2 32. axb5 axb5 33. Qc3 Qb1 34.
Qc2 Qxc2 35. Bxc2 gxf4 36. Nd3 Rb7 37. Nxf4 Kf7 38. Bb3 Ng5 39. Nxd5 Ne4 40.
Rc7+ Rxc7 41. Nxc7 Nxf2 42. Kxf2 Bg7 43. Bxe6+ Kg6 44. Nxb5 Bxe5 45. h3 Kg5 46.
Kf3 Kf6 47. Bc8 Kg5 48. g3 Bb8 49. Nd4 Be5 50. Nxf5 Bb2 51. h4+ Kg6 52. Ne7+
Kf7 53. Nd5 Kg6 54. Kg4 Be5 55. Ne7+ Kf6 56. Nf5 Kg6 57. Bd7 Bc3 58. Be8+ Kh7
59. Kh5 Bd2 60. Bg6+ Kh8 61. Nxh6 Be1 62. Nf5 Bd2 63. g4 Bc1 64. g5 Bb2 65. Kg4
Bc3 66. h5 Bb2 67. Bf7 Bc3 68. g6 Bb2 69. h6 1-0

[Event "4NCL Division Four"]
[Site "Telford, ENG"]
[Date "2023.11.18"]
[Round "1.84"]
[White "Neatherway, A Philip"]
[Black "Bansal, Saahil"]
[Result "0-1"]
[WhiteElo "1723"]
[BlackElo "1866"]
[PlyCount "46"]
[EventDate "2023.11.18"]
[WhiteTeam "Oxford 3"]
[BlackTeam "Desert Penguins"]

1. e4 e6 2. d4 d5 3. Nd2 dxe4 4. Nxe4 Nd7 5. Nf3 Ngf6 6. Ng3 c5 7. c3 cxd4 8.
cxd4 Bb4+ 9. Bd2 Qa5 10. Be2 Bxd2+ 11. Qxd2 Qxd2+ 12. Kxd2 O-O 13. Rac1 Nb6 14.
Rc2 Rd8 15. Rhc1 Bd7 16. Ne5 Be8 17. Bf3 Rab8 18. Ne2 Nfd5 19. a3 f6 20. Nd3
Bg6 21. Rc5 e5 22. Nc3 Nxc3 23. bxc3 e4 0-1

[Event "4NCL Division Four"]
[Site "Telford, ENG"]
[Date "2023.11.18"]
[Round "1.85"]
[White "Quillaud, Maxime"]
[Black "Kocan, Barry A"]
[Result "1-0"]
[WhiteElo "1823"]
[BlackElo "1538"]
[PlyCount "80"]
[EventDate "2023.11.18"]
[WhiteTeam "Desert Penguins"]
[BlackTeam "Oxford 3"]

1. d4 Nf6 2. c4 g6 3. Nc3 Bg7 4. e4 d6 5. f3 O-O 6. Be3 Nbd7 7. Nge2 e5 8. Qd2
Re8 9. Rd1 a6 10. d5 Nb6 11. Nc1 Bd7 12. Bd3 Na4 13. N1e2 Qe7 14. g4 h5 15. h3
Qf8 16. Rc1 Kh7 17. b4 Nxc3 18. Nxc3 Rec8 19. O-O Ng8 20. Kh2 f5 21. exf5 gxf5
22. gxf5 Bxf5 23. Ne4 Nh6 24. Rg1 Kh8 25. Rxg7 Qxg7 26. Bxh6 Qf7 27. Bg5 Bxe4
28. Bxe4 Rg8 29. h4 Rae8 30. Rg1 Rg7 31. Qe3 Reg8 32. Rg3 Qf8 33. a3 Qf7 34.
Qa7 Rxg5 35. Rxg5 Qf4+ 36. Kh3 Rxg5 37. hxg5 Qxg5 38. Qb8+ Kg7 39. Qxc7+ Kf8
40. Qxd6+ Kg8 1-0

[Event "4NCL Division Four"]
[Site "Telford, ENG"]
[Date "2023.11.18"]
[Round "1.86"]
[White "Rumsby, Stephen"]
[Black "Nikolov, Alexander"]
[Result "0-1"]
[WhiteElo "1564"]
[BlackElo "1354"]
[PlyCount "60"]
[EventDate "2023.11.18"]
[WhiteTeam "Oxford 3"]
[BlackTeam "Desert Penguins"]

1. e4 c5 2. Nc3 d6 3. f4 g6 4. Nf3 Bg7 5. a4 Nf6 6. Bc4 Bg4 7. O-O O-O 8. d3
Nc6 9. Qe1 Bxf3 10. Rxf3 Nd4 11. Rf2 Nd7 12. f5 Kh8 13. Nd5 Ne5 14. Ba2 a6 15.
c3 Nxd3 16. Qd2 Nxf2 17. Qxf2 Nc6 18. Qh4 b5 19. Bg5 Re8 20. f6 Bf8 21. fxe7
Rxe7 22. Nf6 h5 23. Nxh5 gxh5 24. Qxh5+ Kg8 25. Qg6+ Bg7 26. Bxf7+ Rxf7 27.
Bxd8 Rxd8 28. Qe6 Be5 29. axb5 axb5 30. Ra7 Nxa7 0-1

[Event "4NCL Division Four"]
[Site "Telford, ENG"]
[Date "2023.11.18"]
[Round "1.91"]
[White "McElvenny, Damien"]
[Black "Eckert, Jonathan"]
[Result "1/2-1/2"]
[WhiteElo "1792"]
[BlackElo "1826"]
[PlyCount "80"]
[EventDate "2023.11.18"]
[WhiteTeam "Apprentice Woodpushers"]
[BlackTeam "CSC/Kingston 3"]

1. e4 e6 2. d4 d5 3. exd5 exd5 4. Bd3 c5 5. c3 Nf6 6. h3 Nc6 7. Nf3 Bd6 8. O-O
O-O 9. dxc5 Bxc5 10. Bf4 Re8 11. Nbd2 Ne4 12. Qc2 f5 13. Nb3 Bb6 14. Rae1 Bd7
15. Nbd4 Qf6 16. Nxc6 bxc6 17. Be3 c5 18. Qc1 Rac8 19. Ba6 Rcd8 20. Bg5 Nxg5
21. Qxg5 Qd6 22. Bd3 g6 23. h4 Bc7 24. Qd2 Re4 25. g3 Ree8 26. Rxe8+ Rxe8 27.
Re1 Rxe1+ 28. Qxe1 f4 29. Kh2 fxg3+ 30. fxg3 Qf6 31. Kg2 h6 32. Qe3 Qd6 33. Ng1
Kg7 34. Ne2 Bc6 35. Kf1 Qf6+ 36. Ke1 Bb6 37. Bc2 d4 38. Qd3 dxc3 39. Qxc3 Bc7
40. Qxf6+ Kxf6 1/2-1/2

[Event "4NCL Division Four"]
[Site "Telford, ENG"]
[Date "2023.11.18"]
[Round "1.92"]
[White "Moss, Stephen"]
[Black "Rughani, Mahin"]
[Result "1/2-1/2"]
[WhiteElo "1763"]
[BlackElo "1737"]
[PlyCount "23"]
[EventDate "2023.11.18"]
[WhiteTeam "CSC/Kingston 3"]
[BlackTeam "Apprentice Woodpushers"]

1. e4 c6 2. d4 d5 3. exd5 cxd5 4. Nf3 Nc6 5. c4 Nf6 6. Nc3 e6 7. Bg5 Bb4 8. Bd3
Qa5 9. Bd2 Qd8 10. Bg5 Qa5 11. Bd2 Qd8 12. Bg5 1/2-1/2

[Event "4NCL Division Four"]
[Site "Telford, ENG"]
[Date "2023.11.18"]
[Round "1.93"]
[White "Parker, Ethan"]
[Black "Cooke, Charlie"]
[Result "1/2-1/2"]
[WhiteElo "1583"]
[BlackElo "1747"]
[PlyCount "58"]
[EventDate "2023.11.18"]
[WhiteTeam "Apprentice Woodpushers"]
[BlackTeam "CSC/Kingston 3"]

1. d4 d5 2. Bf4 Nf6 3. e3 e6 4. Nd2 Be7 5. Ngf3 O-O 6. Bd3 Nbd7 7. O-O b6 8. c3
Bb7 9. Ne5 Re8 10. Qf3 c5 11. Qh3 Nf8 12. Bg3 c4 13. Bc2 b5 14. f4 g6 15. Bh4
Ne4 16. Nxe4 dxe4 17. Bxe7 Qxe7 18. a4 a6 19. Qg3 Kg7 20. Ng4 h5 21. Nf2 f5 22.
Nh3 Nd7 23. Bd1 Nf6 24. b3 cxb3 25. Bxb3 Bd5 26. Bxd5 exd5 27. axb5 axb5 28.
Rab1 Rec8 29. Rfc1 Qd7 1/2-1/2

[Event "4NCL Division Four"]
[Site "Telford, ENG"]
[Date "2023.11.18"]
[Round "1.94"]
[White "Grey, Nicholas D"]
[Black "Wilson, Jeff"]
[Result "1-0"]
[WhiteElo "1701"]
[BlackElo "1493"]
[PlyCount "72"]
[EventDate "2023.11.18"]
[WhiteTeam "CSC/Kingston 3"]
[BlackTeam "Apprentice Woodpushers"]

1. e4 g6 2. d4 Bg7 3. Be3 d6 4. Nf3 Nd7 5. Nc3 e6 6. Qd2 b6 7. O-O-O a6 8. d5
e5 9. h4 h6 10. g3 Bb7 11. Ne1 Ngf6 12. Bh3 Nc5 13. f3 Bc8 14. Nd3 Nxd3+ 15.
Qxd3 Bxh3 16. Rxh3 b5 17. g4 Qd7 18. b3 Ke7 19. Rh2 Rhb8 20. a4 Ne8 21. Kd2 c5
22. dxc6 Qxc6 23. Nd5+ Kf8 24. a5 Rb7 25. Bb6 Rd7 26. Ke1 Rb8 27. Rhd2 Rbb7 28.
Nb4 Qc8 29. c4 Rxb6 30. axb6 Qc5 31. Nd5 Qg1+ 32. Qf1 Qxf1+ 33. Kxf1 bxc4 34.
bxc4 Kg8 35. Ra2 Nf6 36. Rxa6 Nxd5 1-0

[Event "4NCL Division Four"]
[Site "Telford, ENG"]
[Date "2023.11.18"]
[Round "1.95"]
[White "Kilmartin, David"]
[Black "Cresswell, Mike J"]
[Result "0-1"]
[WhiteElo "1229"]
[BlackElo "1634"]
[PlyCount "102"]
[EventDate "2023.11.18"]
[WhiteTeam "Apprentice Woodpushers"]
[BlackTeam "CSC/Kingston 3"]

1. d4 Nf6 2. Bg5 g6 3. Bxf6 exf6 4. e3 d5 5. c4 Bb4+ 6. Nc3 Bxc3+ 7. bxc3 c6 8.
Nf3 Nd7 9. cxd5 cxd5 10. c4 dxc4 11. Bxc4 O-O 12. O-O Nb6 13. Bb3 Re8 14. Rc1
Be6 15. Qd3 Bxb3 16. Qxb3 Qd7 17. Rc2 Rac8 18. Rfc1 Rxc2 19. Rxc2 Rc8 20. h3
Rxc2 21. Qxc2 Kf8 22. Qc5+ Ke8 23. d5 Qc8 24. Qxc8+ Nxc8 25. Kf1 Ke7 26. Ke2
Nd6 27. Nd2 b5 28. e4 b4 29. Kd3 a5 30. Nc4 Nb7 31. f3 a4 32. Nb6 b3 33. axb3
axb3 34. Kc3 Nc5 35. Nc4 h5 36. g3 Kd7 37. Na5 Kd6 38. Nxb3 Nd7 39. f4 g5 40.
h4 gxh4 41. gxh4 Nf8 42. f5 Nd7 43. Nd2 Ke5 44. Kc4 Kf4 45. Kb5 Ke3 46. Kc6
Ne5+ 47. Kd6 Kxd2 48. Ke7 Ke3 49. Kxf6 Kxe4 50. d6 Kf4 51. Kg7 Kxf5 0-1

[Event "4NCL Division Four"]
[Site "Telford, ENG"]
[Date "2023.11.18"]
[Round "1.96"]
[White "Denning, Julie L"]
[Black "Eccleston, Rowan"]
[Result "1-0"]
[WhiteElo "1606"]
[BlackElo "1274"]
[PlyCount "63"]
[EventDate "2023.11.18"]
[WhiteTeam "CSC/Kingston 3"]
[BlackTeam "Apprentice Woodpushers"]

1. e4 Nc6 2. Nf3 d5 3. exd5 Qxd5 4. Nc3 Qh5 5. Be2 Bg4 6. d3 O-O-O 7. Be3 a6 8.
Qd2 Nf6 9. O-O-O e6 10. h3 Bxf3 11. Bxf3 Qa5 12. Bxc6 bxc6 13. Kb1 Kd7 14. Ne4
Qb5 15. Nxf6+ gxf6 16. Qc3 Be7 17. Qd4+ Ke8 18. Qc3 e5 19. Qc4 Qb7 20. f3 Rb8
21. b3 a5 22. d4 Qa7 23. Qxc6+ Kf8 24. Rhe1 a4 25. dxe5 Qa5 26. exf6 Bd6 27.
Bh6+ Kg8 28. Re8+ Bf8 29. Rxb8 Qb5 30. Rxb5 a3 31. Qe8 c6 32. Qxf8# 1-0

[Event "4NCL Division Four"]
[Site "Telford, ENG"]
[Date "2023.11.18"]
[Round "1.101"]
[White "Keen, Maya"]
[Black "Jayawarna, Thisumi"]
[Result "0-1"]
[WhiteElo "1471"]
[BlackElo "1582"]
[PlyCount "102"]
[EventDate "2023.11.18"]
[WhiteTeam "She Plays To Win Young Stars B"]
[BlackTeam "She Plays To Win Young Stars A"]

1. d4 Nf6 2. c4 c5 3. Nf3 g6 4. Bg5 Bg7 5. Nc3 cxd4 6. Nxd4 d6 7. Bxf6 Bxf6 8.
Nd5 Bg7 9. Nb5 Na6 10. Qd2 O-O 11. e3 Bd7 12. Ndc3 Nc5 13. Nd4 Qa5 14. Nc2 Bxc3
15. Qxc3 Qxc3+ 16. bxc3 Ne4 17. Bd3 Nxc3 18. Nb4 a5 19. Nd5 Nxd5 20. cxd5 b5
21. a3 Rfc8 22. Kd2 Rc5 23. e4 Rac8 24. Rhc1 Kg7 25. Rxc5 dxc5 26. Kc3 b4+ 27.
axb4 cxb4+ 28. Kd4 a4 29. e5 b3 30. e6 fxe6 31. dxe6 Be8 32. Bc4 b2 33. Rb1 a3
34. Ba2 Rc1 35. Kd3 g5 36. Kd2 Rxb1 37. Bxb1 Bg6 38. Bxg6 a2 39. Bc2 a1=Q 40.
g3 b1=Q 41. Bxb1 Qxb1 42. Ke3 Kf6 43. f4 gxf4+ 44. gxf4 Kf5 45. Kf3 Qe4+ 46.
Kg3 Qxf4+ 47. Kg2 Qe3 48. h4 Kg4 49. h5 Qf3+ 50. Kg1 Kg3 51. h6 Qg2# 0-1

[Event "4NCL Division Four"]
[Site "Telford, ENG"]
[Date "2023.11.18"]
[Round "1.102"]
[White "Jayawarna, Tarini"]
[Black "Roychowdhury, Aashita"]
[Result "1/2-1/2"]
[WhiteElo "1542"]
[BlackElo "1361"]
[PlyCount "95"]
[EventDate "2023.11.18"]
[WhiteTeam "She Plays To Win Young Stars A"]
[BlackTeam "She Plays To Win Young Stars B"]

1. e4 c6 2. d4 d5 3. Nc3 dxe4 4. Nxe4 Bf5 5. Ng3 e6 6. Nxf5 Qa5+ 7. c3 Qxf5 8.
Bd3 Qd5 9. Nf3 Nf6 10. O-O Be7 11. Qc2 h6 12. Re1 c5 13. dxc5 Bxc5 14. h3 Nc6
15. Bf4 Rc8 16. Ne5 Nh5 17. Bh2 Bd6 18. Be4 Qb5 19. Nxc6 Bxh2+ 20. Kxh2 bxc6
21. Qe2 Qxe2 22. Rxe2 Nf4 23. Rd2 Nd5 24. c4 Nb6 25. c5 Nd5 26. Rd4 O-O 27. Ra4
Ra8 28. Ra6 Rfc8 29. a3 f5 30. Bf3 Kf7 31. b4 Ke7 32. Rb1 Rc7 33. b5 cxb5 34.
Rxb5 Rac8 35. Raa5 Nc3 36. Rb7 Rxb7 37. Bxb7 Rc7 38. c6 Kd6 39. Rxa7 Kc5 40.
Kg3 Ne4+ 41. Kf3 Nd2+ 42. Kf4 Nc4 43. Ra8 g5+ 44. Kf3 Ne5+ 45. Ke2 Nxc6 46.
Bxc6 Rxc6 47. g3 e5 48. f3 1/2-1/2